000 00582nam a2200217Ia 4500
003 OSt
005 20220928144822.0
006 a|||||r|||| 00| 0
007 ta
008 220927b |||||||| |||| 00| 0 eng d
024 _a76220
037 _cTextual
040 _aSDCL
_cSDCL
_beng
041 _2eng
_aeng
082 _aY73(Q5).73'N7, L7
100 _aDawidowicz Lucy S
_9509781
245 0 _aJewish presence
_b Essays on identity and history.
260 _c1977
942 _hY73(Q5).73'N7, L7
_cTEXL
_2CC
999 _c829774
_d829774